Ancient Corinth : site guide /
Main Authors: , , ,
Corporate Author:
Format: Book
Language: English
Published:
Princeton, New Jersey :
American School of Classical Studies at Athens,
[2018]
Edition: Seventh edition.
Subjects:
Tags: Add Tag
Call Number: DF261 .C65 S26
| LEADER | 01761nam a22004217a 4500 | ||
|---|---|---|---|
| 005 | 20260504084438.0 | ||
| 008 | 260504t2018 njuabe b 001 0 eng | ||
| 010 | |a 2014033311 | ||
| 020 | |a 9780876616611 |q alk. paper | ||
| 035 | |a 18278179 | ||
| 040 | |a DLC |b eng |c DLC |e rda |d DLC | ||
| 042 | |a pcc | ||
| 043 | |a e-gr--- | ||
| 050 | 1 | 4 | |a DF261 .C65 |b S26 |
| 082 | 0 | 0 | |a 938/.7 |2 23 |
| 100 | 1 | |a Sanders, Guy D. R., |e author. | |
| 245 | 1 | 0 | |a Ancient Corinth : |b site guide / |c Guy D. R. Sanders, Jennifer Palinkas, and Ioulia Tzonou-Herbst, with James Herbst. |
| 250 | |a Seventh edition. | ||
| 264 | 1 | |a Princeton, New Jersey : |b American School of Classical Studies at Athens, |c [2018] | |
| 300 | |a 207 pages : |b illustrations, maps, plan ; |c 21 cm + |e plan de Corinthe. | ||
| 336 | |a text |2 rdacontent |b txt | ||
| 337 | |a unmediated |2 rdamedia |b n | ||
| 338 | |a volume |2 rdacarrier |b n | ||
| 504 | |a Includes bibliographical references and index. | ||
| 505 | 0 | |a History and timeline -- History of Corinth -- History of the excavations -- Tour of the museum -- Tour of the site. | |
| 651 | 0 | |a Corinth (Greece) |x Antiquities. | |
| 651 | 0 | |a Corinth (Greece) |v Guidebooks. | |
| 651 | 0 | |a Greece |x History |y To 146 B.C. | |
| 655 | 7 | |a Guidebooks. |2 lcgft |0 https://id.loc.gov/authorities/genreForms/gf2014026108 | |
| 700 | 1 | |a Palinkas, Jennifer, |e author. | |
| 700 | 1 | |a Tzonou-Herbst, Ioulia, |e author. | |
| 700 | 1 | |a Herbst, James, |e author. | |
| 710 | 2 | |a American School of Classical Studies at Athens. | |
| 906 | |a 7 |b cbc |c orignew |d 1 |e ecip |f 20 |g y-gencatlg | ||
| 942 | |2 lcc |c BK | ||
| 955 | |b rf08 2014-08-25 |i rf08 2014-08-25 (telework) to Dewey |a xn13 2018-06-07 1 copy rec'd., to CIP ver. | ||
| 955 | |a LCAP batch update 2025-06-02-04:00: LCAPM-893 | ||
| 999 | |c 62220 |d 62220 | ||
